000 00264nam a22001217a 4500
008 180921b xxu||||| |||| 00| 0 eng d
041 _aeng
080 _a371
100 _a25
101 _aEDU
245 _aThe Elements of Grammar
_cShertzer, M
942 _2udc
_cBK
999 _c48217
_d48217